Computing essentials 2010 / (Record no. 12801)
[ view plain ]
| 000 -LEADER | |
|---|---|
| fixed length control field | 00979cac a22002775a 4500 |
| 001 - CONTROL NUMBER | |
| control field | 15550478 |
| 005 - DATE AND TIME OF LATEST TRANSACTION | |
| control field | 20201128020811.0 |
| 008 - FIXED-LENGTH DATA ELEMENTS--GENERAL INFORMATION | |
| fixed length control field | 081209t2010 maua frb 001 0 eng d |
| 020 ## - INTERNATIONAL STANDARD BOOK NUMBER | |
| International Standard Book Number | 9780070172791 |
| 040 ## - CATALOGING SOURCE | |
| Original cataloging agency | DLC |
| Transcribing agency | DLC |
| Modifying agency | BTCTA |
| -- | EG-ScBUE |
| -- | BAKER |
| -- | C#P |
| -- | DLC |
| -- | EG-ScBUE |
| Language of cataloging | eng |
| 082 04 - DEWEY DECIMAL CLASSIFICATION NUMBER | |
| Classification number | 004 |
| Edition number | 22 |
| Item number | OLE |
| 100 1# - MAIN ENTRY--PERSONAL NAME | |
| 9 (RLIN) | 8909 |
| Personal name | O'Leary, Timothy J., |
| Dates associated with a name | 1947- |
| 245 10 - TITLE STATEMENT | |
| Title | Computing essentials 2010 / |
| Statement of responsibility, etc | Timothy J. O'Leary, Linda I. O'Leary. |
| 250 ## - EDITION STATEMENT | |
| Edition statement | McGraw Hill international ed. |
| 260 ## - PUBLICATION, DISTRIBUTION, ETC. (IMPRINT) | |
| Place of publication, distribution, etc | Boston : |
| Name of publisher, distributor, etc | McGraw Hill Higher Education, |
| Date of publication, distribution, etc | c.2010. |
| 300 ## - PHYSICAL DESCRIPTION | |
| Extent | xxx, 505 p. : |
| Other physical details | ill. ; |
| Dimensions | 28 cm. |
| 490 0# - Series Statement | |
| Series statement | The O'Leary series |
| 504 ## - BIBLIOGRAPHY, ETC. NOTE | |
| Bibliography, etc | Includes bibliographical references and indexes. |
| 650 #7 - SUBJECT ADDED ENTRY--TOPICAL TERM | |
| Topical term or geographic name as entry element | Computers. |
| 9 (RLIN) | 1995 |
| Source of heading or term | BUEsh |
| 650 #7 - SUBJECT ADDED ENTRY--TOPICAL TERM | |
| Topical term or geographic name as entry element | Electronic data processing. |
| 9 (RLIN) | 964 |
| Source of heading or term | BUEsh |
| 651 ## - SUBJECT ADDED ENTRY--GEOGRAPHIC NAME | |
| Source of heading or term | BUEsh |
| 653 ## - INDEX TERM--UNCONTROLLED | |
| Resource For college | Informatics and Computer Science |
| Arrived date list | August2015 |
| -- | December2017 |
| 700 1# - ADDED ENTRY--PERSONAL NAME | |
| Personal name | O'Leary, Linda I. |
| 9 (RLIN) | 8912 |
| 800 1# - SERIES ADDED ENTRY--PERSONAL NAME | |
| Personal name | O'Leary, Timothy J., |
| Dates associated with a name | 1947- |
| Title of a work | O'Leary series. |
| 9 (RLIN) | 8913 |
| 942 ## - ADDED ENTRY ELEMENTS (KOHA) | |
| Source of classification or shelving scheme | Dewey Decimal Classification |
| Item type | Book - Borrowing |
| Withdrawn status | Item status | Source of classification or shelving scheme | Damaged status | Not for loan | Vendor | Home library | Current library | Shelving location | Date acquired | Source of acquisition | Cost, normal purchase price | Total Checkouts | Total Renewals | Full call number | Barcode | Date last seen | Date last borrowed | Cost, replacement price | Koha item type | Materials specified (bound volume or other part) |
|---|---|---|---|---|---|---|---|---|---|---|---|---|---|---|---|---|---|---|---|---|
| Lost & Replaced | Dewey Decimal Classification | Baccah | Central Library | Central Library | Lower Floor | 18/10/2009 | Exchange | 276.00 | 2 | 2 | 004 OLE | 000018066 | 25/12/2017 | 05/01/2010 | 345.00 | Book - Borrowing | ||||
| Lost and Paid For | Dewey Decimal Classification | Baccah | Central Library | Central Library | Lower Floor | 18/10/2009 | 130.00 | 2 | 004 OLE | 000018065 | 10/03/2011 | 27/07/2010 | 162.50 | Book - Borrowing | ||||||
| Lost and Paid For | Dewey Decimal Classification | Baccah | Central Library | Central Library | Lower Floor | 18/10/2009 | 130.00 | 1 | 004 OLE | 000018064 | 30/05/2011 | 22/12/2009 | 162.50 | Book - Borrowing | ||||||
| Dewey Decimal Classification | Baccah | Central Library | Central Library | Lower Floor | 18/10/2009 | 130.00 | 5 | 9 | 004 OLE | 000018063 | 15/07/2025 | 25/12/2018 | 162.50 | Book - Borrowing | ||||||
| Dewey Decimal Classification | Baccah | Central Library | Central Library | Lower Floor | 18/10/2009 | 130.00 | 9 | 5 | 004 OLE | 000018062 | 15/07/2025 | 06/01/2020 | 162.50 | Book - Borrowing | ||||||
| Dewey Decimal Classification | Baccah | Central Library | Central Library | Lower Floor | 18/10/2009 | 130.00 | 4 | 9 | 004 OLE | 000018061 | 15/07/2025 | 17/12/2018 | 162.50 | Book - Borrowing | ||||||
| Dewey Decimal Classification | Baccah | Central Library | Central Library | Lower Floor | 18/10/2009 | 130.00 | 3 | 4 | 004 OLE | 000018060 | 15/07/2025 | 01/08/2016 | 162.50 | Book - Borrowing | ||||||
| Dewey Decimal Classification | Baccah | Central Library | Central Library | Lower Floor | 18/10/2009 | 130.00 | 1 | 004 OLE | 000018059 | 15/07/2025 | 04/01/2014 | 162.50 | NB - Book (Non borrowing) | |||||||
| Lost | Dewey Decimal Classification | Baccah | Central Library | Central Library | Lower Floor | 31/01/2010 | 130.00 | 1 | 004 OLE | 000019435 | 24/05/2010 | 17/05/2010 | 162.50 | Book - Borrowing | Lost In Inventory_2015-8-23 | |||||
| Dewey Decimal Classification | Baccah | Central Library | Central Library | Lower Floor | 24/04/2012 | 130.00 | 8 | 7 | 004 OLE | 000026723 | 15/07/2025 | 05/11/2018 | 162.50 | Book - Borrowing | ||||||
| Dewey Decimal Classification | Central Library | Central Library | Lower Floor | 21/12/2017 | Purchase | 3 | 4 | 004 OLE | 000046966 | 15/07/2025 | 08/04/2019 | Book - Borrowing | ||||||||
| Dewey Decimal Classification | Central Library | Central Library | Lower Floor | 13/03/2018 | 3 | 16 | 004 OLE | 000047377 | 15/07/2025 | 17/11/2018 | Book - Borrowing |